000 00802nam a2200277Ia 4500
003 OSt
005 20221007110714.0
006 a|||||r|||| 00| 0
007 ta
008 221006b |||||||| |||| 00| 0 eng d
020 _a9780199552153
024 _a21,672
037 _cTextual
040 _aLCO
_cLCO
_beng
041 _2eng
_aeng
082 _aZ1,218, P7
100 _aBodansky Daniel Ed.
_9707784
245 0 _aHandbook of International Environmental Law
260 _aNew
_bYork Oxford University Press USA
_c2007
300 _a1080
650 _aENVIRONMENTAL LAW
700 _a Brunnee Jutta Ed.
_9707785
700 _a Ellen Hey Ed.
_9707786
942 _hZ1,218, P7
_cTEXL
999 _c1191235
_d1191235